| 000 | 00850nam a2200289 a 4500 | ||
|---|---|---|---|
| 003 | AR-BaBNM | ||
| 005 | 20251128203920.0 | ||
| 008 | 082120s2002 ||||||||||||||000 | spa|| | ||
| 020 | _a950-755-060-7 | ||
| 040 | _cAR-BaBNM | ||
| 100 | 1 | _aCantiello, María S.C. de | |
| 245 | 0 | 0 | _aProyect work or the learning through doing approach |
| 260 |
_aBuenos Aires _bBraga _c1992 |
||
| 300 |
_a29 p. _bgráfs. |
||
| 490 | 0 |
_aLineamientos. Cuadernos de orientación educativa _vv. 11 |
|
| 650 | 4 | _aPROYECTOS EDUCACIONALES | |
| 650 | 4 | _aACTIVIDADES EN GRUPO | |
| 650 | 4 | _aACTIVIDADES DE APRENDIZAJE | |
| 650 | 4 | _aENSEÑANZA EN GRUPO | |
| 650 | 4 | _aROL DEL DOCENTE | |
| 650 | 4 | _aOBJETIVOS EDUCACIONALES | |
| 650 | 4 | _aSIGLO VEINTE | |
| 653 | _aEDUCACION PRIMARIA | ||
| 800 | 1 |
_aPérez Alvárez, Sergio _edirector |
|
| 942 | _cBK | ||
| 998 | _cGrace | ||
| 999 |
_c5453 _d5453 |
||